书目信息 |
| 题名: |
心理健康教育概论
|
|
| 作者: | 杜喜亮 主编 | |
| 分册: | ||
| 出版信息: | 济南 山东人民出版社 2020.9 |
|
| 页数: | 187页 | |
| 开本: | 24cm | |
| 丛书名: | ||
| 单 册: | ||
| 中图分类: | G717.9 | |
| 科图分类: | ||
| 主题词: | 心理卫生--健康教育--技术学校--教材 | |
| 电子资源: | ||
| ISBN: | 978-7-209-05405-8 | |
| 000 | 01136nam0 2200277 45 | |
| 001 | 012001001111 | |
| 005 | 20140820143541.0 | |
| 010 | @a978-7-209-05405-8@dCNY28.00 | |
| 099 | @aCAL 012010247534 | |
| 100 | @a20101111d2010 ek y0chiy0110 ea | |
| 101 | 0 | @achi |
| 102 | @aCN@b370000 | |
| 105 | @ak a 000yy | |
| 106 | @ar | |
| 200 | 1 | @a心理健康教育概论@Axin li jian kang jiao yu gai lun@f杜喜亮主编 |
| 210 | @a济南@c山东人民出版社@d2020.9 | |
| 215 | @a187页@d24cm | |
| 312 | @a英文并列题名取自封底 | |
| 320 | @a有书目 (第187页) | |
| 330 | @a本教材针对当代职业技术院校学生常见的心理困惑与情感困惑,主要从认识自我、调控情绪、健全人格、学会学习、学会适应、人际交往、感恩父母、正确处理异性交往及健康使用网络等方面倡导健康心理学教育。内容贴近校园,贴近学生的实际,通过案例导入、知识链接、互动体验等环节引导学生学会应对心理困惑,优化个性心理品质,为社会培养身心健康的优秀职业人才。 | |
| 510 | 1 | @aConspectus of psychology health education@zeng |
| 606 | 0 | @a心理卫生@x健康教育@x技术学校@j教材 |
| 690 | @aG717.9@v5 | |
| 701 | 0 | @a杜喜亮@Adu xi liang@4主编 |
| 801 | @aCN@bAHXH@c20210922 | |
| 905 | @b1251050-4@dG717.9@e68@f5 | |
| 心理健康教育概论/杜喜亮主编.-济南:山东人民出版社,2020.9 |
| 187页;24cm |
| ISBN 978-7-209-05405-8:CNY28.00 |
| 本教材针对当代职业技术院校学生常见的心理困惑与情感困惑,主要从认识自我、调控情绪、健全人格、学会学习、学会适应、人际交往、感恩父母、正确处理异性交往及健康使用网络等方面倡导健康心理学教育。内容贴近校园,贴近学生的实际,通过案例导入、知识链接、互动体验等环节引导学生学会应对心理困惑,优化个性心理品质,为社会培养身心健康的优秀职业人才。 |
| ● |
| 相关链接 |
|
|
|
|
正题名:心理健康教育概论
索取号:G717.9/68
 
预约/预借
| 序号 | 登录号 | 条形码 | 馆藏地/架位号 | 状态 | 备注 |
| 1 | 1251050 | 212510503 | 第一样本阅览室/ [索取号:G717.9/68] | 在馆 | |
| 2 | 1251051 | 212510512 | 教育系资料室/ [索取号:G717.9/68] | 在馆 | |
| 3 | 1251052 | 212510521 | 教育系资料室/ [索取号:G717.9/68] | 在馆 | |
| 4 | 1251053 | 212510530 | 第四借阅区/ [索取号:G717.9/68] | 在馆 | |
| 5 | 1251054 | 212510549 | 第四借阅区/ [索取号:G717.9/68] | 在馆 |